Offshore Legislation of Malaysia : (Record no. 4322)

000 -LEADER
fixed length control field nam a22 a 4500
003 - CONTROL NUMBER IDENTIFIER
control field AKMAL
005 - DATE AND TIME OF LATEST TRANSACTION
control field 20170529084332.0
008 - FIXED-LENGTH DATA ELEMENTS--GENERAL INFORMATION
fixed length control field 170529s1995 my l 00 eng d
020 ## - INTERNATIONAL STANDARD BOOK NUMBER
International Standard Book Number 9678906910 (pbk.):
Terms of availability RM 29.50
040 ## - CATALOGING SOURCE
Transcribing agency AKMAL
082 04 - DEWEY DECIMAL CLASSIFICATION NUMBER
Classification number 343.595096 OFF
090 ## - LOCALLY ASSIGNED LC-TYPE CALL NUMBER (OCLC); LOCAL CALL NUMBER (RLIN)
Classification number (OCLC) (R) ; Classification number, CALL (RLIN) (NR) 343.595096
Local cutter number (OCLC) ; Book number/undivided call number, CALL (RLIN) OFF
110 1# - MAIN ENTRY--CORPORATE NAME
Corporate name or jurisdiction name as entry element Malaysia
9 (RLIN) 400
240 10 - UNIFORM TITLE
Uniform title Akta Syarikat Luar Pesisir 1990.
Language of a work English
245 00 - TITLE STATEMENT
Title Offshore Legislation of Malaysia :
Remainder of title as at 10th April 1995 /
Statement of responsibility, etc. compiled Legal Research Board
260 ## - PUBLICATION, DISTRIBUTION, ETC.
Place of publication, distribution, etc. Kuala Lumpur :
Name of publisher, distributor, etc. International Law Book Services,
Date of publication, distribution, etc. 1995
300 ## - PHYSICAL DESCRIPTION
Extent 282p. ;
Dimensions 24cm
440 ## - SERIES STATEMENT/ADDED ENTRY--TITLE
Title Laws of Malaysia
9 (RLIN) 1830
505 0# - FORMATTED CONTENTS NOTE
Formatted contents note Offshore Companies Act 1990 -- Labuan Trust Companies Act 1990 -- Offshore Banking Act 1990 -- Offshore Insurance Act 1990 -- Labuan Offshore Business Activity Act Tax Act 1990 -- Offshore Banking (Annual Licence Fees) Regualtions 1990 -- Offshore Companies Regulations 1990 -- Labuan Trust Companies Regulations 1990 -- Labuan Ofshore Business Activity Tax (Forms) Regulations 1991
650 ## - SUBJECT ADDED ENTRY--TOPICAL TERM
Topical term or geographic name entry element Corporations, Foreign
General subdivision Law and legislation
Geographic subdivision Malaysia
9 (RLIN) 8415
650 ## - SUBJECT ADDED ENTRY--TOPICAL TERM
Topical term or geographic name entry element Banks and banking, Foreign
General subdivision Law and legislation
Geographic subdivision Malaysia
9 (RLIN) 8416
650 ## - SUBJECT ADDED ENTRY--TOPICAL TERM
Topical term or geographic name entry element Foreign trusts
Geographic subdivision Malaysia
9 (RLIN) 8417
942 ## - ADDED ENTRY ELEMENTS (KOHA)
Source of classification or shelving scheme
Koha item type Book
Holdings
Withdrawn status Lost status Source of classification or shelving scheme Damaged status Not for loan Collection code Home library Current library Shelving location Date acquired Inventory number Full call number Barcode Date last seen Price effective from Koha item type Public note
          NON-FICTION AKMAL Melaka AKMAL Melaka PINJAMAN 29.05.2017 002573 343.595096 OFF 201706172 29.05.2017 29.05.2017 Book Dilupuskan. No. Fail. ARKIBMLK.600-6/9/1 Jld.7 (54)
Pusat Sumber Maklumat Dato' Haji Sarmin Md Hussin, Akademi Kastam Diraja Malaysia, Melaka
Tel: 06-2331106 | Faks: 06-2313787